As you like it / (Record no. 110354)
[ view plain ]
| 000 -LEADER | |
|---|---|
| fixed length control field | 00607nam a2200193 a 4500 |
| 001 - CONTROL NUMBER | |
| control field | 3425 |
| 005 - DATE AND TIME OF LATEST TRANSACTION | |
| control field | 20140414131854.0 |
| 008 - FIXED-LENGTH DATA ELEMENTS--GENERAL INFORMATION | |
| fixed length control field | 060325s19uu xx 00 eng d |
| 020 ## - INTERNATIONAL STANDARD BOOK NUMBER | |
| International Standard Book Number | 0-87226-339-8 |
| 050 ## - LIBRARY OF CONGRESS CALL NUMBER | |
| Classification number | M 822.3 |
| Item number | M91 1990 |
| 100 ## - MAIN ENTRY--PERSONAL NAME | |
| Personal name | Mulherin, Jennifer |
| 245 ## - TITLE STATEMENT | |
| Title | As you like it / |
| Statement of responsibility, etc | by Jennifer Mulherin ; illustratons by George Thompson. |
| 260 ## - PUBLICATION, DISTRIBUTION, ETC. (IMPRINT) | |
| Place of publication, distribution, etc | New York : |
| Name of publisher, distributor, etc | Peter Bedrick Books, |
| Date of publication, distribution, etc | 1990. |
| 300 ## - PHYSICAL DESCRIPTION | |
| Extent | 31 p. : ill. ; cm. |
| 440 ## - SERIES STATEMENT/ADDED ENTRY--TITLE | |
| Title | Shakespeare for everyone |
| 650 ## - SUBJECT ADDED ENTRY--TOPICAL TERM | |
| Topical term or geographic name as entry element | Shakespeare, William, 1564-1616. |
| 650 ## - SUBJECT ADDED ENTRY--TOPICAL TERM | |
| Topical term or geographic name as entry element | English literature |
| General subdivision | History and criticism. |
| Withdrawn status | Lost status | Damaged status | Use restrictions | Home library | Current library | Shelving location | Date acquired | Source of acquisition | Total Checkouts | Full call number | Barcode | Date last seen | Price effective from | Koha item type |
|---|---|---|---|---|---|---|---|---|---|---|---|---|---|---|
| Munich Library | Munich Library | Main Section | 03/25/2006 | M 822.3 M91 1990 | M0740 | 04/14/2014 | 04/14/2014 | Books |